[Event "EU-ch U12"]
[Site "Bratislava"]
[Date "2019.08.08"]
[Round "7"]
[White "Shatil, Shir"]
[Black "Labruyere, Roger"]
[Result "0-1"]
[WhiteElo "1672"]
[BlackElo "1909"]
[PlyCount "120"]
[EventDate "2019.08.02"]
[EventType "swiss"]
[EventRounds "9"]
[EventCountry "SVK"]
[SourceTitle "EXT 2020"]
[Source "ChessBase"]
[SourceDate "2019.10.17"]
[SourceVersion "1"]
[SourceVersionDate "2019.10.17"]
[SourceQuality "1"]

1. d4 Nf6 2. c4 c5 3. d5 b5 4. cxb5 a6 5. bxa6 g6 6. Nc3 Bg7 7. e4 0-0 8. Nf3 Qa5 9. Bd2 Bxa6 10. Bxa6 Nxa6 11. 0-0 Rfb8 12. b3 Nc7 13. Rc1 d6 14. Re1 Qa6 15. Rc2 Nd7 16. g3 Nb6 17. Qe2 Qxe2 18. Rxe2 c4 19. b4 Ra3 20. Re3 Rba8 21. Bc1 Rxc3 22. Rexc3 Bxc3 23. Rxc3 Rxa2 24. Be3 Ra1+ 25. Kg2 Nb5 26. Rc1 Rxc1 27. Bxc1 f5 28. Be3 Nd7 29. exf5 gxf5 30. Nd4 Nc3 31. Nxf5 Nxd5 32. b5 Nxe3+ 33. fxe3 Kf7 34. Kf3 Kf6 35. e4 d5 36. g4 e6 37. Nd4 e5 38. Nc2 d4 39. h4 h6 40. Nb4 Nc5 41. b6 Ke6 42. Na2 Kd6 43. g5 hxg5 44. hxg5 Ke6 45. Kg4 c3 46. Nc1 c2 47. Kh5 d3 48. Nxd3 Nxd3 49. b7 c1Q 50. b8Q Qh1+ 51. Kg6 Qxe4+ 52. Kg7 Nf4 53. Qc8+ Kd5 54. Qd7+ Kc4 55. Qa4+ Kd3 56. Qb3+ Ke2 57. Qb2+ Kf3 58. Qb3+ Kg4 59. Qf7 Qf5 60. Qa7 Ne6+ 0-1